| 000 | 00449 a2200193 4500 | ||
|---|---|---|---|
| 001 | 133303 | ||
| 020 | _a85-00-30651-3 | ||
| 040 | _cLeonardo Da Vinci | ||
| 041 | _aPortuguês | ||
| 082 |
_a869.93 R234es _bR234es |
||
| 100 | _aREBELO, Marques | ||
| 245 | _aA estrela sobe | ||
| 260 |
_bEdiouro _c19-- _aRio de Janeiro |
||
| 300 | _a115 | ||
| 362 | _a19--0000 | ||
| 490 | _aPrestígio | ||
| 697 |
_aLiteratura _aRomance _aBrasil |
||
| 942 | _cBK | ||
| 999 |
_c133303 _d133303 |
||